|
|
|
|
| LEADER |
01107nam a2200325 a 4500 |
| 001 |
000233070 |
| 003 |
CZ BrMZK |
| 005 |
20210419092243.0 |
| 007 |
ta |
| 008 |
960815s1997 xr g f cze d |
| 015 |
|
|
|a cnb000279685
|
| 020 |
|
|
|a 80-85906-50-3
|q brož.
|z 80-85906-54-6
|
| 035 |
|
|
|a (OCoLC)38295960
|
| 040 |
|
|
|a BOA001
|b cze
|
| 072 |
|
7 |
|a 821.162.3-3
|x Česká próza
|2 Konspekt
|9 25
|
| 080 |
|
|
|a 821.162.3-31
|2 MRF
|
| 080 |
|
|
|a (0:82-31)
|2 MRF
|
| 100 |
1 |
|
|a Štolba, Jan,
|d 1957-
|7 jn19990218117
|4 aut
|
| 245 |
1 |
0 |
|a Město za :
|b román /
|c Jan Štolba
|
| 250 |
|
|
|a Vyd. 1.
|
| 260 |
|
|
|a Praha :
|b Hynek,
|c 1997
|
| 300 |
|
|
|a 301 s. ;
|c 18 cm
|
| 490 |
1 |
|
|a Neon ;
|v sv. 2
|
| 500 |
|
|
|a Dostupné též v digitální podobě v aplikaci Kramerius
|
| 655 |
|
7 |
|a české romány
|7 fd133974
|2 czenas
|
| 830 |
|
0 |
|a Neon
|
| 856 |
4 |
1 |
|u http://www.digitalniknihovna.cz/mzk/uuid/uuid:9d00b470-706f-11e8-87bd-005056827e52
|y Digitalizovaný dokument
|x NDK
|
| 910 |
|
|
|a BOA001
|b 1-1037.458
|
| 990 |
|
|
|a BK
|
| 996 |
6 |
|
|b 2610058895
|c 1-1037.458
|l MZK
|r Sklad / do 1 hodiny
|n 5
|p p.v.
|w 000233070
|u 000010
|a 1
|e BOA001
|j MZK50
|s P
|